Célébrités commençant par la lettre J - Statistiques

Statistiques générales
  • Ce quiz a été pris 463 fois
  • Le résultat moyen est 8 sur 12
Statistiques - réponses
Par images Réponse % Correct
Justin Bieber
94%
Johnny Depp
90%
Jenifer
85%
Jennifer Aniston
80%
Jenna Ortega
79%
Jennifer Lopez
75%
Julia Roberts
67%
Jackie Chan
61%
John Cena
61%
J.K Rowling
51%
John Legend
38%
Joakim Noah
22%
Aucun quiz correspondant
Distribution des résultats
% des personnes avec chaque résultat
Percentile par nombre de réponses
Votre historique - résultats
Vous n’avez pas pris ce quiz